[Event "Jugend WM U20"]
[Site "Istanbul"]
[Date "2005.11.11"]
[Round "3.14"]
[White "Mamedov, Nidjat"]
[Black "Li, Chao"]
[Result "1-0"]
[WhiteElo "2517"]
[BlackElo "2305"]
[PlyCount "77"]
[EventDate "2005.11.??"]
[EventType "swiss"]
[EventRounds "13"]
[EventCountry "TUR"]
[Source "Reinhold Goldau"]
[SourceDate "2000.03.01"]

1. e4 c5 2. Nf3 d6 3. d4 Nf6 4. Nc3 cxd4 5. Nxd4 a6 6. Be3 e5 7. Nb3 Be6 8. Qd2
Nbd7 9. f3 h5 10. Bd3 Be7 11. O-O Rc8 12. Rfd1 Qc7 13. Qf2 h4 14. Rd2 g6 15.
Rad1 Kf8 16. Bf1 Kg7 17. a3 Nh5 18. Nc1 g5 19. Nd3 Nf4 20. Nb4 Nf6 21. Bb6 Qd7
22. Nd3 Qe8 23. h3 Rh6 24. Kh1 N6h5 25. Ba5 Ng3+ 26. Kh2 Bc4 27. Nxf4 Nxf1+ 28.
Rxf1 Bxf1 29. Nfd5 Bc4 30. Qa7 g4 31. fxg4 Bg5 32. Rf2 Qc6 33. Rf5 Rg6 34. Qf2
Bxd5 35. Nxd5 Qxc2 36. Rxf7+ Kh6 37. Qf5 Rcg8 38. Be1 Qc8 39. Ne7 1-0

[Event "Jugend WM U20"]
[Site "Istanbul"]
[Date "2005.11.11"]
[Round "3.15"]
[White "Moradiabadi, Elshan"]
[Black "Wen, Yang"]
[Result "1/2-1/2"]
[WhiteElo "2497"]
[BlackElo "2374"]
[PlyCount "133"]
[EventDate "2005.11.??"]
[EventType "swiss"]
[EventRounds "13"]
[EventCountry "TUR"]
[Source "Reinhold Goldau"]
[SourceDate "2000.03.01"]

1. c4 c5 2. Nf3 Nc6 3. Nc3 g6 4. d4 cxd4 5. Nxd4 Bg7 6. Nc2 d6 7. e4 Nh6 8. Be2
O-O 9. O-O f5 10. exf5 Nxf5 11. Bg5 Ne5 12. Qd2 Nf7 13. Bf4 Bd7 14. Rad1 Rc8
15. Rfe1 a5 16. b3 Kh8 17. Nd5 Bc6 18. Bg4 Re8 19. Nde3 e6 20. Nxf5 exf5 21.
Be2 Be4 22. Nd4 a4 23. f3 Bc6 24. Be3 axb3 25. axb3 Qf6 26. Bf1 h5 27. Bf2 Kh7
28. Nxc6 bxc6 29. Rxe8 Rxe8 30. b4 h4 31. h3 Rb8 32. b5 c5 33. Qa5 Qg5 34. Qd2
Qf6 35. f4 Bh6 36. Rb1 Qe7 37. Re1 Qf6 38. Bd3 Ra8 39. Rb1 Nd8 40. b6 Rb8 41.
Be2 Ne6 42. Be3 Nd4 43. Bf1 Bg7 44. Qa2 Qe6 45. Qf2 Qe4 46. Rb2 Bf8 47. Kh1 Qc6
48. Bxd4 cxd4 49. Bd3 Rxb6 50. Rb5 Rb7 51. Rxb7+ Qxb7 52. Qe2 Qb3 53. Qf1 Qb2
54. Qe1 Qc3 55. Qd1 Bg7 56. Qf3 Qc1+ 57. Kh2 Qe1 58. Bf1 Qe4 59. Qf2 g5 60. Qf3
Kg6 61. Bd3 Qe3 62. Qxe3 dxe3 63. fxg5 Bd4 64. Be2 Kxg5 65. Kg1 Kf4 66. Kf1 Ke4
67. Ke1 1/2-1/2

[Event "Jugend WM U20"]
[Site "Istanbul"]
[Date "2005.11.11"]
[Round "3.18"]
[White "Aleskerov, Faik"]
[Black "Zhigalko, Andrey"]
[Result "0-1"]
[WhiteElo "2321"]
[BlackElo "2537"]
[PlyCount "96"]
[EventDate "2005.11.??"]
[EventType "swiss"]
[EventRounds "13"]
[EventCountry "TUR"]
[Source "Reinhold Goldau"]
[SourceDate "2000.03.01"]

1. e4 c5 2. c4 Nc6 3. g3 g6 4. Bg2 Bg7 5. Ne2 Nf6 6. O-O O-O 7. f4 d6 8. d3 Bg4
9. h3 Bxe2 10. Qxe2 Rb8 11. Nc3 Ne8 12. f5 Nc7 13. h4 b5 14. h5 bxc4 15. dxc4
e6 16. f6 Bxf6 17. Rxf6 Qxf6 18. e5 Nxe5 19. Ne4 Qe7 20. Nxc5 Nxc4 21. hxg6
hxg6 22. Qxc4 dxc5 23. Bh6 Nd5 24. Re1 Qd6 25. Qh4 Ne7 26. g4 Qd4+ 27. Be3 Qd6
28. Bg5 Qd4+ 29. Be3 Nf5 30. Bxd4 Nxh4 31. Bf6 g5 32. Be4 Ng6 33. b3 Rfc8 34.
Bd3 Rb4 35. Bc4 Rxc4 36. bxc4 Rb8 37. Rd1 Rb4 38. Rd8+ Kh7 39. Rd7 Nf4 40. Rxa7
Kg6 41. Bd8 Rxc4 42. a4 Nd5 43. a5 Rxg4+ 44. Kf2 Ra4 45. Ra8 c4 46. a6 c3 47.
Ke2 c2 48. Kd2 Rc4 0-1

[Event "Jugend WM U20"]
[Site "Istanbul"]
[Date "2005.11.11"]
[Round "3.20"]
[White "Macak, Stefan"]
[Black "Laznicka, Viktor"]
[Result "1/2-1/2"]
[WhiteElo "2319"]
[BlackElo "2517"]
[PlyCount "102"]
[EventDate "2005.11.??"]
[EventType "swiss"]
[EventRounds "13"]
[EventCountry "TUR"]
[Source "Reinhold Goldau"]
[SourceDate "2000.03.01"]

1. e4 c5 2. Nf3 d6 3. d4 cxd4 4. Nxd4 Nf6 5. Nc3 Nc6 6. Bg5 Bd7 7. Qd2 Rc8 8.
O-O-O Nxd4 9. Qxd4 Qa5 10. f4 h6 11. Bxf6 gxf6 12. Kb1 Qc5 13. Be2 Bg7 14. f5
h5 15. h4 b5 16. Qxc5 Rxc5 17. Rd5 Rxd5 18. Nxd5 Kd8 19. Nf4 Bc6 20. Bf3 Bh6
21. Nxh5 Be3 22. g4 b4 23. Rh3 Bf2 24. Kc1 Kd7 25. b3 a5 26. Kd2 a4 27. Ke2 Bd4
28. Nf4 Ke8 29. Nd3 Bc3 30. Ke3 Kf8 31. Nf4 Kg7 32. g5 fxg5 33. hxg5 Rxh3 34.
Nxh3 Bb2 35. Be2 Bc1+ 36. Kf3 axb3 37. axb3 e6 38. fxe6 fxe6 39. Bc4 Bd7 40.
Nf4 Bd2 41. Nh5+ Kg6 42. Nf6 Bc6 43. Bxe6 Kxg5 44. Ng8 Be8 45. Ke2 Bc3 46. Bd5
Kf4 47. Ne7 Bb5+ 48. Kd1 Bd7 49. Bb7 Bg4+ 50. Kc1 Be6 51. Bd5 Bd7 1/2-1/2

[Event "Jugend WM U20"]
[Site "Istanbul"]
[Date "2005.11.11"]
[Round "3.21"]
[White "Carron, Julien"]
[Black "Bartel, Mateusz"]
[Result "0-1"]
[WhiteElo "2314"]
[BlackElo "2513"]
[PlyCount "74"]
[EventDate "2005.11.??"]
[EventType "swiss"]
[EventRounds "13"]
[EventCountry "TUR"]
[Source "Reinhold Goldau"]
[SourceDate "2000.03.01"]

1. d4 Nf6 2. c4 e6 3. g3 d5 4. Nf3 dxc4 5. Bg2 Bb4+ 6. Bd2 a5 7. O-O O-O 8. Na3
Bxa3 9. bxa3 b5 10. Rb1 c6 11. Qc2 Qe7 12. Ne5 Nd5 13. e4 Nb6 14. Qc3 f6 15.
Nf3 N8d7 16. Rfe1 Na4 17. Qe3 Ndb6 18. d5 e5 19. dxc6 c3 20. Bxc3 Nc4 21. Qc1
Nxa3 22. Rb3 b4 23. Bb2 Nxb2 24. Rxb2 Be6 25. Bf1 Rfc8 26. Rd1 Bg4 27. Kg2 Qe6
28. c7 Bh3+ 29. Kg1 Bxf1 30. Kxf1 Nb5 31. Qc5 Nc3 32. Rd6 Nxe4 33. Rxe6 Nxc5
34. Rc6 Na6 35. Rbc2 Ra7 36. Ne1 Kf7 37. Ke2 b3 0-1

[Event "Jugend WM U20"]
[Site "Istanbul"]
[Date "2005.11.11"]
[Round "3.22"]
[White "Jessel, Stephen"]
[Black "Zhigalko, Sergei"]
[Result "1-0"]
[WhiteElo "2304"]
[BlackElo "2490"]
[PlyCount "100"]
[EventDate "2005.11.??"]
[EventType "swiss"]
[EventRounds "13"]
[EventCountry "TUR"]
[Source "Reinhold Goldau"]
[SourceDate "2000.03.01"]

1. e4 c5 2. Nf3 Nc6 3. d4 cxd4 4. Nxd4 Nf6 5. Nc3 e5 6. Ndb5 d6 7. Bg5 a6 8.
Na3 b5 9. Nd5 Be7 10. Bxf6 Bxf6 11. c3 Bg5 12. Nc2 Ne7 13. h4 Bh6 14. Ncb4 O-O
15. g3 Nxd5 16. Nxd5 Rb8 17. Bg2 a5 18. a3 Be6 19. O-O g6 20. Qd3 f5 21. Bh3
Kh8 22. Kg2 Qd7 23. Rad1 Rf7 24. f3 Qb7 25. Qe2 Rbf8 26. Kh2 Bd7 27. Qg2 Bc6
28. Qe2 Qb8 29. Kg2 Qd8 30. Rfe1 Bb7 31. Kh2 Ba6 32. b4 a4 33. Kg2 Bb7 34. Kh2
Rg7 35. Rd3 Bc6 36. Kg2 Bd7 37. Kh2 Rgf7 38. Rdd1 Bc8 39. Rb1 Bd7 40. Rbd1 Bc6
41. Rd3 Bb7 42. Kg2 Bc8 43. Kh2 Bg7 44. Rdd1 Bh6 45. Rb1 Rg7 46. Rbd1 Be6 47.
Kh1 Rgf7 48. Kh2 Rb7 49. Rf1 Rb8 50. Rf2 Bd7 1-0

[Event "Jugend WM U20"]
[Site "Istanbul"]
[Date "2005.11.11"]
[Round "3.23"]
[White "Zinchenko, Yaroslav"]
[Black "Kvon, Andrey"]
[Result "1-0"]
[WhiteElo "2485"]
[BlackElo "2293"]
[PlyCount "65"]
[EventDate "2005.11.??"]
[EventType "swiss"]
[EventRounds "13"]
[EventCountry "TUR"]
[Source "Reinhold Goldau"]
[SourceDate "2000.03.01"]

1. e4 c5 2. Nf3 d6 3. d4 cxd4 4. Nxd4 Nf6 5. Nc3 Nc6 6. Be2 e6 7. O-O Be7 8.
Be3 O-O 9. f4 Bd7 10. Nb3 Qb8 11. a4 Rd8 12. Kh1 Nb4 13. Bf3 Bc6 14. Qe2 Be8
15. g4 Nd7 16. g5 Nc5 17. Nd4 Bf8 18. Bg2 Nc6 19. Rf3 g6 20. f5 Bg7 21. Rd1 Ne5
22. Rh3 Nxa4 23. Nxa4 Bxa4 24. Qf2 exf5 25. exf5 Bd7 26. Qh4 gxf5 27. Qxh7+ Kf8
28. g6 Nxg6 29. Bh6 Bxh6 30. Qxh6+ Ke7 31. Qg5+ Kf8 32. Qf6 Re8 33. Rh7 1-0

[Event "Jugend WM U20"]
[Site "Istanbul"]
[Date "2005.11.11"]
[Round "3.24"]
[White "Citak, Selim"]
[Black "Babujian, Levon"]
[Result "0-1"]
[WhiteElo "2291"]
[BlackElo "2429"]
[PlyCount "126"]
[EventDate "2005.11.??"]
[EventType "swiss"]
[EventRounds "13"]
[EventCountry "TUR"]
[Source "Reinhold Goldau"]
[SourceDate "2000.03.01"]

1. d4 Nf6 2. c4 g6 3. Nf3 Bg7 4. g3 d5 5. cxd5 O-O 6. Bg2 Nxd5 7. O-O Nc6 8.
Nc3 Nb6 9. d5 Na5 10. Qc2 c6 11. dxc6 Nxc6 12. Rd1 Bd7 13. Qe4 Bxc3 14. bxc3
Bf5 15. Rxd8 Bxe4 16. Rxa8 Rxa8 17. Nd4 Bxg2 18. Kxg2 Ne5 19. Rb1 Nec4 20. Nc2
Rc8 21. Ne3 Nd6 22. Rb3 Kf8 23. Bd2 f6 24. h4 Kf7 25. Be1 Rc5 26. Ra3 a5 27.
Rb3 Nbc4 28. Nxc4 Rxc4 29. Bd2 b5 30. f3 e5 31. Kf2 Ke6 32. g4 f5 33. gxf5+
gxf5 34. Kg3 h5 35. Be1 Ra4 36. Rb2 Kd5 37. Rd2+ Kc6 38. Bf2 Rc4 39. Be1 f4+
40. Kg2 Ra4 41. Bf2 Ra3 42. Rc2 Nf5 43. Rd2 a4 44. Rc2 Kd5 45. Rb2 Nd6 46. Rd2+
Kc6 47. Rc2 Nc4 48. Kf1 Kd5 49. Ke1 Ne3 50. Rb2 Kc4 51. Rb4+ Kxc3 52. Rxb5 Rxa2
53. Bxe3 fxe3 54. Kf1 Ra1+ 55. Kg2 Kd2 56. Rxe5 a3 57. f4 a2 58. Ra5 Kxe2 59.
f5 Kd3 60. f6 e2 61. Rd5+ Ke4 62. Rd8 e1=Q 63. Re8+ Kd5 0-1

[Event "Jugend WM U20"]
[Site "Istanbul"]
[Date "2005.11.11"]
[Round "3.25"]
[White "Papin, Vasily"]
[Black "Kurmann, Oliver"]
[Result "0-1"]
[WhiteElo "2425"]
[BlackElo "2287"]
[PlyCount "78"]
[EventDate "2005.11.??"]
[EventType "swiss"]
[EventRounds "13"]
[EventCountry "TUR"]
[Source "Reinhold Goldau"]
[SourceDate "2000.03.01"]

1. e4 e6 2. d3 d5 3. Nd2 Nf6 4. Ngf3 Nc6 5. c3 a5 6. e5 Nd7 7. d4 f6 8. Bb5
fxe5 9. dxe5 Be7 10. O-O O-O 11. Qe2 Nc5 12. Nb3 Bd7 13. Nxc5 Bxc5 14. Bd3 Be7
15. Re1 Be8 16. Qc2 h6 17. h3 Bh5 18. Nh2 Bc5 19. Be3 Bxe3 20. Rxe3 Qg5 21.
Rae1 Rf4 22. Rg3 Qh4 23. Bg6 Raf8 24. Bxh5 Qxh5 25. Ng4 Kh8 26. Rge3 R4f5 27.
Qb3 b6 28. Qa4 Qe8 29. R3e2 Ne7 30. Qc2 c5 31. g3 R5f7 32. Ne3 Rf3 33. Ng2 g5
34. Qd2 Nc6 35. Ne3 Nxe5 36. Ng2 Rd3 37. Qc2 Nf3+ 38. Kf1 Nxe1 39. Nxe1 Rxg3
0-1

[Event "Jugend WM U20"]
[Site "Istanbul"]
[Date "2005.11.11"]
[Round "3.27"]
[White "Rohit, Gogineni"]
[Black "Amanov, Mesgen"]
[Result "1/2-1/2"]
[WhiteElo "2401"]
[BlackElo "2273"]
[PlyCount "109"]
[EventDate "2005.11.??"]
[EventType "swiss"]
[EventRounds "13"]
[EventCountry "TUR"]
[Source "Reinhold Goldau"]
[SourceDate "2000.03.01"]

1. e4 c5 2. Nf3 e6 3. d4 cxd4 4. Nxd4 Nf6 5. Nc3 Nc6 6. Nxc6 bxc6 7. e5 Nd5 8.
Ne4 Qc7 9. f4 Qb6 10. c4 Bb4+ 11. Ke2 Ba6 12. Kf3 f5 13. Nf2 Ne7 14. Be3 Bc5
15. Bxc5 Qxc5 16. Qd6 Qb6 17. b3 c5 18. Be2 Bb7+ 19. Ke3 Nc8 20. Qd2 d5 21.
exd6 Nxd6 22. Bf3 Rd8 23. Qc3 O-O 24. Rad1 e5 25. fxe5 Ne4 26. Bxe4 fxe4 27.
Rxd8 Qxd8 28. Ke2 Qd4 29. Qxd4 cxd4 30. Rd1 e3 31. Ng4 h5 32. Rxd4 hxg4 33.
Kxe3 Bxg2 34. Rxg4 Bb7 35. h4 Rf3+ 36. Kd4 Rf2 37. a4 Bc8 38. Rg3 Rf4+ 39. Kd5
Rxh4 40. c5 Kf7 41. c6 Rg4 42. Rxg4 Bxg4 43. Kd6 Be6 44. b4 g5 45. b5 g4 46. a5
g3 47. b6 axb6 48. axb6 g2 49. b7 g1=Q 50. b8=Q Qd4+ 51. Kc7 Qxe5+ 52. Kb7 Qb5+
53. Kc7 Qc5 54. Qb6 Qe5+ 55. Kb7 1/2-1/2

[Event "Jugend WM U20"]
[Site "Istanbul"]
[Date "2005.11.11"]
[Round "3.29"]
[White "Shlykov, Vitali"]
[Black "Livshits, Gaby"]
[Result "1/2-1/2"]
[WhiteElo "2238"]
[BlackElo "2381"]
[PlyCount "48"]
[EventDate "2005.11.??"]
[EventType "swiss"]
[EventRounds "13"]
[EventCountry "TUR"]
[Source "Reinhold Goldau"]
[SourceDate "2000.03.01"]

1. e4 c5 2. Nf3 g6 3. d4 Bg7 4. Nc3 cxd4 5. Nxd4 Nc6 6. Be3 Nf6 7. Bc4 O-O 8.
Bb3 a5 9. f3 d5 10. exd5 Nb4 11. Nde2 a4 12. Nxa4 Nfxd5 13. Bd2 b5 14. Nac3 Bf5
15. a3 Nxc3 16. Bxc3 Qxd1+ 17. Rxd1 Nxc2+ 18. Kf2 Bxc3 19. Nxc3 Nxa3 20. bxa3
Rxa3 21. Bxf7+ Kxf7 22. Nxb5 Ra2+ 23. Kg3 Rb8 24. Nc3 Ra3 1/2-1/2

[Event "Jugend WM U20"]
[Site "Istanbul"]
[Date "2005.11.11"]
[Round "3.30"]
[White "Perdomo, Leandro"]
[Black "Laval, Brice"]
[Result "1/2-1/2"]
[WhiteElo "2373"]
[BlackElo "2214"]
[PlyCount "67"]
[EventDate "2005.11.??"]
[EventType "swiss"]
[EventRounds "13"]
[EventCountry "TUR"]
[Source "Reinhold Goldau"]
[SourceDate "2000.03.01"]

1. d4 Nf6 2. c4 c6 3. Nc3 d5 4. cxd5 cxd5 5. Bf4 Qb6 6. Qc1 Nc6 7. e3 Bf5 8.
Nf3 Rc8 9. Be2 Ne4 10. O-O Nxc3 11. bxc3 h6 12. c4 dxc4 13. Qxc4 e6 14. Ne5 Be7
15. Bf3 O-O 16. Nd7 Qd8 17. Nxf8 Ne5 18. Qb3 Nxf3+ 19. gxf3 Bxf8 20. Qxb7 Bh3
21. Rfc1 Rxc1+ 22. Rxc1 Qa5 23. Qb3 Qh5 24. Qd1 Qg6+ 25. Bg3 h5 26. Qc2 Bf5 27.
Qc8 h4 28. e4 Bh3 29. Qb8 hxg3 30. hxg3 e5 31. dxe5 Qa6 32. g4 Qe2 33. Qb3 Bc5
34. Kh2 1/2-1/2

[Event "Jugend WM U20"]
[Site "Istanbul"]
[Date "2005.11.11"]
[Round "3.32"]
[White "Samakov, Nurdin"]
[Black "Glud, Jacob Vang"]
[Result "1-0"]
[WhiteElo "2209"]
[BlackElo "2349"]
[PlyCount "72"]
[EventDate "2005.11.??"]
[EventType "swiss"]
[EventRounds "13"]
[EventCountry "TUR"]
[Source "Reinhold Goldau"]
[SourceDate "2000.03.01"]

1. d4 d5 2. Bg5 h6 3. Bf4 Nf6 4. e3 c5 5. c3 Nc6 6. Bd3 Qb6 7. Qc1 Nh5 8. Ne2
e6 9. Be5 Nxe5 10. dxe5 g6 11. O-O Bd7 12. c4 O-O-O 13. Nbc3 Bc6 14. Qc2 Be7
15. cxd5 exd5 16. e4 d4 17. Na4 Qa5 18. b3 g5 19. Rfc1 Bxa4 20. bxa4 Qc7 21.
Qc4 Qxe5 22. Qxf7 Nf6 23. Rab1 Rhf8 24. Qb3 Rd7 25. f3 Bd6 26. g3 h5 27. f4
gxf4 28. gxf4 Rg7+ 29. Kh1 Nxe4 30. Rf1 Qe7 31. Qc2 Nf6 32. Nxd4 Qc7 33. Nb5
Qc6+ 34. Be4 Qxe4+ 35. Qxe4 Nxe4 36. Rbe1 a6 1-0

[Event "Jugend WM U20"]
[Site "Istanbul"]
[Date "2005.11.11"]
[Round "3.33"]
[White "Grecescu, Gabriel-Andrei"]
[Black "Moosavian, S Hamed"]
[Result "1-0"]
[WhiteElo "2380"]
[BlackElo "2263"]
[PlyCount "69"]
[EventDate "2005.11.??"]
[EventType "swiss"]
[EventRounds "13"]
[EventCountry "TUR"]
[Source "Reinhold Goldau"]
[SourceDate "2000.03.01"]

1. c4 f5 2. g3 Nf6 3. Bg2 e5 4. Nc3 Bb4 5. Nd5 Nc6 6. Nxb4 Nxb4 7. b3 d6 8. Bb2
c5 9. d3 O-O 10. Qd2 Qe8 11. a3 Nc6 12. e3 f4 13. O-O-O Bg4 14. Rf1 fxe3 15.
fxe3 Rb8 16. h3 Bd7 17. g4 b5 18. g5 Nh5 19. Ne2 bxc4 20. dxc4 Qg6 21. h4 Rfc8
22. Rd1 Bg4 23. Bxc6 Rxc6 24. Qd5+ Qf7 25. Qxc6 Bxe2 26. Qxd6 Rxb3 27. Qd8+ Qf8
28. Qd5+ Kh8 29. Qxc5 Qa8 30. Qd5 Qf8 31. Rd2 Ng3 32. Qd8 Kg8 33. Qxf8+ Kxf8
34. Rg1 Rxe3 35. Rxg3 1-0

[Event "Jugend WM U20"]
[Site "Istanbul"]
[Date "2005.11.11"]
[Round "3.35"]
[White "Tikkanen, Hans"]
[Black "Ouakhir, Mehdi"]
[Result "1/2-1/2"]
[WhiteElo "2343"]
[BlackElo "2239"]
[PlyCount "54"]
[EventDate "2005.11.??"]
[EventType "swiss"]
[EventRounds "13"]
[EventCountry "TUR"]
[Source "Reinhold Goldau"]
[SourceDate "2000.03.01"]

1. d4 d5 2. c4 e6 3. Nc3 c6 4. Nf3 Nf6 5. Bg5 dxc4 6. e4 b5 7. a4 Bb7 8. axb5
cxb5 9. Nxb5 Bxe4 10. Bxc4 Be7 11. Bf4 Bb4+ 12. Kf1 O-O 13. Nc7 Nc6 14. Nxa8
Qxa8 15. Bd3 Bd5 16. Kg1 Rd8 17. h3 Kf8 18. Kh2 Nxd4 19. Nxd4 Bxg2 20. Nc2 Bf3
21. Qf1 Bc5 22. Bc7 Qd5 23. Ra5 Rd6 24. Rg1 Qe5+ 25. Rg3 Ne8 26. Bxd6+ Qxd6 27.
Rxc5 Qxc5 1/2-1/2

[Event "Jugend WM U20"]
[Site "Istanbul"]
[Date "2005.11.11"]
[Round "3.38"]
[White "Can, Emre"]
[Black "Tanrikulu, Erhan"]
[Result "1-0"]
[WhiteElo "2287"]
[BlackElo "2151"]
[PlyCount "87"]
[EventDate "2005.11.??"]
[EventType "swiss"]
[EventRounds "13"]
[EventCountry "TUR"]
[Source "Reinhold Goldau"]
[SourceDate "2000.03.01"]

1. e4 e5 2. Nf3 Nf6 3. Nxe5 d6 4. Nf3 Nxe4 5. d4 d5 6. Bd3 Bd6 7. O-O O-O 8. c4
c6 9. Qc2 Na6 10. a3 Bg4 11. Ne5 Bf5 12. b4 Qh4 13. Nc3 Rfe8 14. Bb2 Bg6 15. g3
Qh5 16. Nxg6 Nxc3 17. Ne5 Ne4 18. cxd5 cxd5 19. Bxe4 Rac8 20. Bxh7+ Qxh7 21.
Qxh7+ Kxh7 22. Nxf7 Be7 23. Rac1 Rf8 24. Rxc8 Rxc8 25. Rc1 Rxc1+ 26. Bxc1 Nc7
27. Kg2 Nb5 28. Bb2 Bf6 29. Ne5 Nd6 30. f4 Bxe5 31. fxe5 Nc4 32. Bc1 Kg6 33.
Kf3 b5 34. h4 Nb6 35. Kf4 Nc8 36. h5+ Kf7 37. g4 Ne7 38. g5 Nc6 39. Be3 Nd8 40.
Kf5 Ne6 41. g6+ Ke7 42. Bg5+ Kd7 43. h6 gxh6 44. Bxh6 1-0

[Event "Jugend WM U20"]
[Site "Istanbul"]
[Date "2005.11.11"]
[Round "3.39"]
[White "Stander, Heinrich"]
[Black "Maenhout, Thibaut"]
[Result "0-1"]
[WhiteElo "2128"]
[BlackElo "2282"]
[PlyCount "108"]
[EventDate "2005.11.??"]
[EventType "swiss"]
[EventRounds "13"]
[EventCountry "TUR"]
[Source "Reinhold Goldau"]
[SourceDate "2000.03.01"]

1. e4 c5 2. Nf3 d6 3. d4 cxd4 4. Nxd4 Nf6 5. Nc3 a6 6. Be3 e5 7. Nb3 Be6 8. f3
Be7 9. Qd2 O-O 10. O-O-O b5 11. g4 b4 12. Nd5 Bxd5 13. exd5 a5 14. Kb1 Qc7 15.
g5 Nfd7 16. h4 Rc8 17. Bh3 a4 18. Nc1 a3 19. b3 Ra5 20. Rh2 Na6 21. h5 Qc3 22.
Qxc3 Rxc3 23. Nd3 Ndc5 24. Bd2 Nxd3 25. Bxc3 Nf4 26. Be1 Nxd5 27. g6 Nac7 28.
gxh7+ Kh8 29. Rd3 Rc5 30. Bd7 Bg5 31. Bd2 Bxd2 32. Rhxd2 Nc3+ 33. Ka1 d5 34.
Bf5 N7b5 35. Re3 d4 36. Re1 Nd6 37. Bd3 f5 38. Bc4 Kxh7 39. Rg2 Nxc4 40. bxc4
e4 41. Reg1 Rc7 42. fxe4 Nxe4 43. Rg6 f4 44. R6g4 Ng3 45. Rd1 Ne2 46. Rg2 f3
47. Rf2 Rxc4 48. Rxf3 Rxc2 49. Rfd3 Nc3 50. R3d2 Rb2 51. h6 g5 52. Rf1 Rxd2 53.
Rf7+ Kg6 54. Rg7+ Kh5 0-1

[Event "Jugend WM U20"]
[Site "Istanbul"]
[Date "2005.11.11"]
[Round "3.40"]
[White "Barnaure, Vlad-Victor"]
[Black "Uesugi, Shinsaku"]
[Result "1-0"]
[WhiteElo "2454"]
[BlackElo "2040"]
[PlyCount "81"]
[EventDate "2005.11.??"]
[EventType "swiss"]
[EventRounds "13"]
[EventCountry "TUR"]
[Source "Reinhold Goldau"]
[SourceDate "2000.03.01"]

1. d4 Nf6 2. Nf3 g6 3. c4 Bg7 4. g3 d5 5. Bg2 O-O 6. O-O dxc4 7. Na3 c3 8. bxc3
c5 9. e3 Nc6 10. Qe2 Qa5 11. Bb2 Bf5 12. Rfd1 Be4 13. c4 a6 14. Nd2 Bxg2 15.
Nb3 Qc7 16. Kxg2 cxd4 17. exd4 Nd7 18. Rac1 b6 19. Nc2 a5 20. a4 Nb4 21. Nxb4
axb4 22. Qxe7 Qc6+ 23. d5 Qxa4 24. Bxg7 Kxg7 25. Nd4 Rfe8 26. Qd6 Ne5 27. Ne6+
fxe6 28. Qxe5+ Kg8 29. Ra1 Qd7 30. dxe6 Qb7+ 31. Qd5 Rab8 32. Qxb7 Rxb7 33. Rd7
Rxd7 34. exd7 Rd8 35. Ra7 b5 36. c5 b3 37. c6 Kg7 38. Ra1 Ra8 39. Rxa8 b2 40.
d8=Q b1=Q 41. Qf8# 1-0

[Event "Jugend WM U20"]
[Site "Istanbul"]
[Date "2005.11.11"]
[Round "3.41"]
[White "Acuner, Emrah"]
[Black "Krivokapic, Marko"]
[Result "0-1"]
[WhiteElo "1903"]
[BlackElo "2361"]
[PlyCount "80"]
[EventDate "2005.11.??"]
[EventType "swiss"]
[EventRounds "13"]
[EventCountry "TUR"]
[Source "Reinhold Goldau"]
[SourceDate "2000.03.01"]

1. e4 c5 2. Nf3 d6 3. d4 cxd4 4. Nxd4 Nf6 5. Nc3 a6 6. Be2 e6 7. O-O Qc7 8. Bg5
Be7 9. Qd2 O-O 10. Rad1 b5 11. a3 Bb7 12. Qe3 Nc6 13. Nxc6 Bxc6 14. Bf3 Rfe8
15. Rd3 a5 16. Ne2 Rac8 17. Nd4 Bd7 18. c3 e5 19. Ne2 Be6 20. Re1 Bc4 21. Rd2
h6 22. Bxf6 Bxf6 23. Bg4 Bg5 24. f4 exf4 25. Qf3 Rcd8 26. Nxf4 d5 27. Rf2 dxe4
28. Rxe4 f5 29. Bxf5 Bxf4 30. g3 Bd6 31. Kg2 Rxe4 32. Bxe4 Rf8 33. Bd5+ Kh8 34.
Qxf8+ Bxf8 35. Rxf8+ Kh7 36. Bxc4 Qc6+ 37. Rf3 bxc4 38. g4 Qb7 39. Kg3 Qxb2 40.
h4 Qxa3 0-1

[Event "Jugend WM U20"]
[Site "Istanbul"]
[Date "2005.11.11"]
[Round "3.42"]
[White "Pileckis, Emilis"]
[Black "Lauda, Alexandr"]
[Result "1-0"]
[WhiteElo "2255"]
[BlackElo "2010"]
[PlyCount "71"]
[EventDate "2005.11.??"]
[EventType "swiss"]
[EventRounds "13"]
[EventCountry "TUR"]
[Source "Reinhold Goldau"]
[SourceDate "2000.03.01"]

1. d4 Nf6 2. c4 e6 3. Nc3 Bb4 4. e3 b6 5. Nge2 c5 6. g3 Bb7 7. d5 d6 8. Bg2 O-O
9. O-O Bxc3 10. Nxc3 e5 11. a3 Na6 12. f4 exf4 13. gxf4 Nc7 14. e4 Qc8 15. e5
Nfe8 16. b4 cxb4 17. axb4 Na6 18. b5 Nc5 19. Ne2 Qc7 20. Bb2 a6 21. Re1 axb5
22. Rxa8 Bxa8 23. cxb5 Qd7 24. Nc3 Nc7 25. Qe2 Rd8 26. Rd1 Qf5 27. Qe3 Qg4 28.
Qg3 Qf5 29. Ba3 dxe5 30. fxe5 Nd7 31. e6 Nxd5 32. exf7+ Qxf7 33. Nxd5 Nf6 34.
Ne7+ Qxe7 35. Bxe7 Rxd1+ 36. Bf1 1-0

[Event "Jugend WM U20"]
[Site "Istanbul"]
[Date "2005.11.12"]
[Round "4.2"]
[White "Wojtaszek, Radoslaw"]
[Black "Wei, Chenpeng"]
[Result "1-0"]
[WhiteElo "2606"]
[BlackElo "2390"]
[PlyCount "147"]
[EventDate "2005.11.??"]
[EventType "swiss"]
[EventRounds "13"]
[EventCountry "TUR"]
[Source "Reinhold Goldau"]
[SourceDate "2000.03.01"]

1. d4 d5 2. Nf3 Nf6 3. c4 c6 4. e3 Bf5 5. Nc3 e6 6. Nh4 Be4 7. f3 Bg6 8. Nxg6
hxg6 9. g3 Bd6 10. f4 Nbd7 11. Qf3 Bb4 12. Bd3 Nb6 13. cxd5 exd5 14. O-O Qd7
15. f5 g5 16. Nd1 O-O-O 17. a3 Bd6 18. Rf2 g4 19. Qe2 Kb8 20. Bd2 Rh5 21. Rg2
Nc4 22. Nf2 Nxd2 23. Qxd2 Re8 24. Re1 Ne4 25. Qd1 Qxf5 26. Bxe4 dxe4 27. Qxg4
Qxg4 28. Nxg4 f5 29. Nf2 g6 30. Nd1 c5 31. dxc5 Bxc5 32. Rd2 Rh7 33. Nc3 a6 34.
Kg2 Ba7 35. Nd5 Rd8 36. Red1 g5 37. Nf6 Rxd2+ 38. Rxd2 Rf7 39. Nd5 Rd7 40. Rd1
Rd6 41. h4 gxh4 42. gxh4 f4 43. exf4 Rg6+ 44. Kh3 Bf2 45. Rd2 e3 46. Re2 Rg3+
47. Kh2 Rg8 48. h5 Rh8 49. Nxe3 Rxh5+ 50. Kg2 Bh4 51. Kf3 Bf6 52. Rc2 Rb5 53.
Nc4 Rc5 54. b3 Kc7 55. Ke4 b5 56. Ne3 Kd6 57. Nf5+ Kc6 58. Rh2 Kb7 59. Rh7+ Kb8
60. Rh6 Bb2 61. Rxa6 Kb7 62. Rd6 Bxa3 63. Nd4 Rh5 64. Rd5 Rxd5 65. Kxd5 Kb6 66.
f5 Bf8 67. f6 Ka5 68. Nc6+ Kb6 69. f7 Bh6 70. Ne7 Ka5 71. Nf5 Bf8 72. Ke6 Kb4
73. Kd7 Kxb3 74. Ke8 1-0

[Event "Jugend WM U20"]
[Site "Istanbul"]
[Date "2005.11.12"]
[Round "4.3"]
[White "Gashimov, Vugar"]
[Black "Mamedov, Nidjat"]
[Result "1/2-1/2"]
[WhiteElo "2608"]
[BlackElo "2517"]
[PlyCount "29"]
[EventDate "2005.11.??"]
[EventType "swiss"]
[EventRounds "13"]
[EventCountry "TUR"]
[Source "Reinhold Goldau"]
[SourceDate "2000.03.01"]

1. e4 c6 2. d4 d5 3. Nc3 dxe4 4. Nxe4 Nd7 5. Nf3 Ngf6 6. Nxf6+ Nxf6 7. Be2 Bg4
8. h3 Bh5 9. Be3 e6 10. Ne5 Bxe2 11. Qxe2 Be7 12. O-O O-O 13. Rad1 Nd7 14. Nxd7
Qxd7 15. c3 1/2-1/2

[Event "Jugend WM U20"]
[Site "Istanbul"]
[Date "2005.11.12"]
[Round "4.4"]
[White "Kurnosov, Igor"]
[Black "Tomashevsky, Evgeny"]
[Result "1/2-1/2"]
[WhiteElo "2523"]
[BlackElo "2564"]
[PlyCount "73"]
[EventDate "2005.11.??"]
[EventType "swiss"]
[EventRounds "13"]
[EventCountry "TUR"]
[Source "Reinhold Goldau"]
[SourceDate "2000.03.01"]

1. e4 e5 2. Nf3 Nc6 3. Bc4 Nf6 4. Ng5 d5 5. exd5 Na5 6. Bb5+ c6 7. dxc6 bxc6 8.
Qf3 Qc7 9. Bd3 h6 10. Ne4 Nd5 11. Nbc3 Nf4 12. Ng3 g6 13. b3 f5 14. O-O Be7 15.
Bxf5 gxf5 16. d4 Ng6 17. Nxf5 Rf8 18. Ng7+ Kd8 19. Qe4 Bf6 20. Nh5 Qf7 21. Bxh6
Rg8 22. Nxf6 Qxf6 23. dxe5 Qh4 24. Qd3+ Bd7 25. Rfe1 Qxh6 26. e6 Qg7 27. Rad1
Nf8 28. e7+ Kc7 29. g3 Re8 30. Qd6+ Kc8 31. exf8=Q Rgxf8 32. Ne4 Nb7 33. Qd3
Bg4 34. Rd2 Kb8 35. Re3 Bf5 36. Qc3 Qh6 37. Nc5 1/2-1/2